UBT Library

Chinese awakenings : (Record no. 41890)

000 -LEADER
fixed length control field 00714cam a2200241 a 4500
001 - CONTROL NUMBER
control field 3489179
005 - DATE AND TIME OF LATEST TRANSACTION
control field 20180206042314.0
008 - FIXED-LENGTH DATA ELEMENTS--GENERAL INFORMATION
fixed length control field 941109s1995 couab 000 0 eng
010 ## - LIBRARY OF CONGRESS CONTROL NUMBER
LC control number 94044056
020 ## - INTERNATIONAL STANDARD BOOK NUMBER
International Standard Book Number 0813324726 (alk. paper)
020 ## - INTERNATIONAL STANDARD BOOK NUMBER
International Standard Book Number 0813324734 (pbk. : alk. paper)
040 ## - CATALOGING SOURCE
Original cataloging agency DLC
Transcribing agency DLC
Modifying agency DLC
041 ## - LANGUAGE CODE
Language code of text/sound track or separate title eng
043 ## - GEOGRAPHIC AREA CODE
Geographic area code a-cc---
080 ## - UNIVERSAL DECIMAL CLASSIFICATION NUMBER
Universal Decimal Classification number 951.050
082 00 - DEWEY DECIMAL CLASSIFICATION NUMBER
Classification number 951.050 TYS
Edition number 20
100 1# - Rafti
Rafti 16
101 ## - Shkurtesa
Shkurtesa HIS
245 10 - TITLE STATEMENT
Title Chinese awakenings :
Statement of responsibility, etc James & Ann Tyson.
906 ## - LOCAL DATA ELEMENT F, LDF (RLIN)
a 7
b cbc
c orignew
d 1
e ocip
f 19
g y-gencatlg
942 ## - ADDED ENTRY ELEMENTS (KOHA)
Source of classification or shelving scheme
Item type Books
Holdings
Withdrawn status Lost status Source of classification or shelving scheme Damaged status Not for loan Collection code Permanent location Current location Shelving location Date acquired Total Checkouts Full call number Barcode Date last seen Price effective from Koha item type
          Koleksioni i përgjithshem UBT - Lipjan UBT - Lipjan Koleksioni i përgjithshem 02/06/2018   951.050 TYS 002-2999113 02/06/2018 02/06/2018 Books
UBT Library © 2015-2024. All rights reserved University Education for Business and Technology